Co přinese nový zákon o platebním styku?
Účinnosť zákona o platobnom styku s platnosťou od 1.11.2009 v ČR. Smernica Európskeho parlamentu a Rady 2007/94/ES zo dňa 13.novembra 2007 o platobných službách na vnútornom trhu (Payment Services Directive, PSD). Hlavné dopady zákona .
Saved in:
| Main Author: | |
|---|---|
| Other Authors: | |
| Format: | Book Chapter |
| Language: | Czech |
| Subjects: | |
| Tags: |
No Tags, Be the first to tag this record!
|
MARC
| LEADER | 00000naa$a2200000$$$4500 | ||
|---|---|---|---|
| 001 | 0106280 | ||
| 005 | 20231129092805.7 | ||
| 041 | 0 | |a cze | |
| 044 | |a CZ | ||
| 245 | 1 | 0 | |a Co přinese nový zákon o platebním styku? |c Tomáš Ivanský, Kateřina Šedová |
| 520 | |a Účinnosť zákona o platobnom styku s platnosťou od 1.11.2009 v ČR. Smernica Európskeho parlamentu a Rady 2007/94/ES zo dňa 13.novembra 2007 o platobných službách na vnútornom trhu (Payment Services Directive, PSD). Hlavné dopady zákona . | ||
| 610 | 2 | 0 | |a bankovníctvo |
| 610 | 2 | 0 | |a Česko |
| 610 | 2 | 0 | |a styk platobný |
| 610 | 2 | 0 | |a smernice |
| 610 | 2 | 0 | |a Európsky parlament |
| 610 | 2 | 0 | |a zákony |
| 610 | 2 | 0 | |a definície |
| 610 | 2 | 0 | |a Európska rada |
| 100 | 1 | |a Ivanský, Tomáš | |
| 700 | 1 | |a Šedová, Kateřina | |